Vplyv vnímania rizika na marketingové rozhodovanie

Význam informácií v rozhodovacom procese. Zlepšenie kvality a kvantity informácií potrebných pre rozhodovateľa. Vnímanie rizika, jeho meranie a faktory ovplyvňujúce jeho vnímanie. Spracovanie informácií a rizikové rozhodovanie. Informačné riziko.

Salvato in:
Dettagli Bibliografici
Autore principale: Vasilová, Michaela
Altri autori: Bačo, Tomáš, 1981-
Natura: Capitolo di libro
Lingua:slovacco
Soggetti:
Tags: Aggiungi Tag
Nessun Tag, puoi essere il primo ad aggiungerne!!

MARC

LEADER 00000naa$a2200000$$$4500
001 0060145
005 20240502071650.3
041 0 |a slo 
044 |a SK 
245 1 0 |a Vplyv vnímania rizika na marketingové rozhodovanie  |c Michaela Vasilová, Tomáš Bačo 
520 |a Význam informácií v rozhodovacom procese. Zlepšenie kvality a kvantity informácií potrebných pre rozhodovateľa. Vnímanie rizika, jeho meranie a faktory ovplyvňujúce jeho vnímanie. Spracovanie informácií a rizikové rozhodovanie. Informačné riziko. 
610 2 0 |a manažéri 
610 2 0 |a informácie 
610 2 0 |a rozhodovanie manažérske 
610 2 0 |a procesy podnikové 
610 2 0 |a riziko podnikateľské 
100 1 |a Vasilová, Michaela 
700 1 |a Bačo, Tomáš, 1981-